000 00485nam a22001817a 4500
003 KOHA_MİRAKIL
005 20251209084946.0
008 251209b tu ||||| |||| 00| 0 tur d
020 _a9786258352160
040 _aTR-AnABB
_btur
_cTR-AnABB
041 _atur
082 _a303.483
_bMIL 2022
245 1 0 _aMilli teknoloji hamlesi /
260 _aAnkara :
_bTürkiye Bilimler Akademisi,
_c2022
300 _a777 sayfa ;
_c24 cm
650 0 4 _aMilli teknoloji
942 _2ddc
_cBK
999 _c9707
_d9707
900 _bGizem YORULMAZ